| 000 | 01589cam a22003614a 4500 | ||
|---|---|---|---|
| 001 | 13998767 | ||
| 005 | 20080311122244.0 | ||
| 008 | 050610s2007 njua b 001 0 eng | ||
| 010 | _a 2005016683 | ||
| 020 | _a1588293610 (alk. paper) | ||
| 020 | _a9781588298607 | ||
| 040 |
_aDLC _cDLC _dDLC |
||
| 042 | _apcc | ||
| 050 | 0 | 0 |
_aTD170 _b.H37 2004 vol. 4 _aTD430 |
| 082 | 0 | 0 |
_a628.162 _222 _bADV |
| 245 | 0 | 0 |
_aAdvanced physicochemical treatment processes / _cedited by Lawrence K. Wang, Yung-Tse Hung, Nazih K. Shammas. |
| 260 |
_aTotowa, N.J. : _bHumana Press, _cc.2007. |
||
| 300 |
_axx, 690 p. : _bill. ; _c26 cm. |
||
| 490 | 1 |
_aHandbook of environmental engineering ; _vv. 4 |
|
| 500 | _aIncludes Index. | ||
| 504 | _aIncludes bibliographical references and index. | ||
| 650 | 0 |
_aWater _xPurification. _94028 |
|
| 650 | 0 |
_aSewage _xPurification. _94029 |
|
| 700 | 1 |
_aWang, Lawrence K. _94030 |
|
| 700 | 1 |
_aHung, Yung-Tse. _94031 |
|
| 700 | 1 |
_aShammas, Nazih K. _94032 |
|
| 830 | 0 |
_aHandbook of environmental engineering (2004) ; _vv. 4. _94033 |
|
| 856 | 4 | 1 |
_3Table of contents _uhttp://www.loc.gov/catdir/toc/ecip0514/2005016683.html |
| 856 | 4 | 2 |
_3Publisher description _uhttp://www.loc.gov/catdir/enhancements/fy0826/2005016683-d.html |
| 942 |
_2ddc _cBB |
||
| 999 |
_c11378 _d11378 |
||